000 00667nas a2200241 4500
001 BR7902357
003 BR-BrBNA
005 20231205083706.0
007 ta
008 230509b bl.|||p| |||| 00| 00por d
040 _aBR-BrBNA
_bpor
_cBiblioteca Nacional de Agricultura
041 _a(Pt)
072 _aL30
100 1 _aAnon.
245 1 _aPasto e sobras agricolas, uma dieta para engorda [Bovino]
650 _aBOVINO
650 _aDIETA
650 _aENGORDA
650 _aRACAO
773 0 _tAgricultura de Hoje (Brazil)
_xISSN 0100-5707
_g(Apr 1978), v. 4(36) p. 29-30
_wBR7902357
909 _a202311
_bLúcia
_c55
_dLúcia Elande
942 _2AGRIS
_n0
_cANA
999 _c100595
_d100595